[Event "Xtracon Chess Open 2018"]
[Site "Elsinore"]
[Date "2018.07.27"]
[Round "8"]
[White "Keymer, Vincent"]
[Black "Rasmussen, Allan Stig"]
[Result "1-0"]
[WhiteElo "2466"]
[BlackElo "2536"]
[EventDate "2018.07.21"]
[WhiteFideId "12940690"]
[BlackFideId "1406000"]

1.d4 Nf6 2.c4 e6 3.Nf3 c5 4.d5 exd5 5.cxd5 d6 6.Nc3 g6 7.Bf4 Bg7 8.Qa4+ 
Bd7 9.Qb3 Qc7 10.e4 O-O 11.Nd2 Nh5 12.Be3 f5 13.exf5 Bxf5 14.h3 Nf6 15.g4 
Bd7 16.Bg2 Na6 17.O-O Rab8 18.Nde4 Nxe4 19.Nxe4 b5 20.Rac1 Qb6 21.a3 Rbe8 
22.Rfe1 Be5 23.Kh1 Qd8 24.Bg5 Qb8 25.Bh6 Rf7 26.f4 c4 27.Qe3 Bxb2 28.Rb1 
Bh8 29.f5 Qd8 30.Qf2 Rxe4 31.Rxe4 Nc5 32.Re6 Nd3 33.Qe3 gxf5 34.gxf5 Be5 
35.Be4 Bxe6 36.dxe6 Rc7 37.Bd5 Kh8 38.Rg1 Qh4 39.Rg8+ 1-0

[Event "Xtracon Chess Open 2018"]
[Site "Elsinore"]
[Date "2018.07.27"]
[Round "8"]
[White "Andreikin, Dmitry"]
[Black "Hector, Jonny"]
[Result "1-0"]
[WhiteElo "2702"]
[BlackElo "2499"]
[EventDate "2018.07.21"]
[WhiteFideId "4158814"]
[BlackFideId "1700090"]

1.e4 e5 2.Nf3 Nf6 3.Nc3 Nc6 4.Bb5 Nd4 5.O-O Nxb5 6.Nxb5 c6 7.Nc3 d6 8.d4 
Qc7 9.a4 Be7 10.h3 O-O 11.Re1 Re8 12.b3 Bd7 13.Bb2 Rad8 14.Qd3 Bc8 15.Rad1
a6 16.Qe3 h6 17.dxe5 dxe5 18.Ne2 Bb4 19.Rxd8 Qxd8 20.Rf1 Bd6 21.Rd1 Qe7 
22.Ng3 Bc7 23.Qc3 a5 24.Qe3 Nh7 25.Qa7 Ng5 26.Nxg5 Qxg5 27.Bc3 h5 28.Kh2 
h4 29.Ne2 Rd8 30.Re1 Kh7 31.Bxa5 Bxa5 32.Qxa5 Qd2 33.Qc3 b6 34.Kg1 Ba6 35.
Qxd2 Rxd2 36.c4 Rb2 37.Nc1 Rd2 38.Ne2 Rb2 39.Nc1 Rd2 40.Kh2 b5 41.axb5 
cxb5 42.Re2 Rxe2 43.Nxe2 bxc4 44.b4 Kg6 45.Nc3 f5 46.f3 fxe4 47.fxe4 Kf6 
48.Kg1 g5 49.Nd5+ Kf7 50.Kf2 Bb7 51.Nc3 Kg6 52.Kf3 Bc8 53.Nb5 Kf6 54.Nd6 
g4+ 55.hxg4 Bxg4+ 56.Ke3 c3 57.Kd3 Ke6 58.Nf5 h3 59.gxh3 Bxh3 60.Ne3 Kd6 
61.Kxc3 Bd7 62.Nc4+ Ke6 63.Na3 Kd6 64.Kc4 Bc6 65.Nb5+ Kd7 66.Nc3 Kd6 67.
Kd3 Bb7 68.Kc4 Bc6 69.Kd3 Bb7 70.Nb5+ Kc6 71.Na3 Ba6+ 72.Kc3 Kd6 73.Kd2 
Bf1 74.Nb1 Bg2 75.Kd3 Bf1+ 76.Ke3 Kc6 77.Nc3 Bg2 78.Kd2 Bf3 79.Kd3 Bg2 80.
Kc4 Bf1+ 81.Kb3 Bd3 82.Ka4 Kb6 83.b5 Bc2+ 84.Kb4 Bd3 85.Na4+ Kc7 86.Nc5 
Bf1 87.Ka5 Be2 88.Ka6 Bc4 89.Na4 Bd3 90.Nc3 Kb8 91.Kb6 Bf1 92.Na4 Bh3 93.
Nc5 Bg4 94.Kc6 Bh3 95.b6 1-0

[Event "Xtracon Chess Open 2018"]
[Site "Elsinore"]
[Date "2018.07.27"]
[Round "8"]
[White "Hansen, Sune Berg"]
[Black "Saric, Ivan"]
[Result "1/2-1/2"]
[WhiteElo "2584"]
[BlackElo "2689"]
[EventDate "2018.07.21"]
[WhiteFideId "1400266"]
[BlackFideId "14508150"]

1.c4 c5 2.Nf3 Nc6 3.Nc3 e5 4.e3 Nf6 5.a3 d5 6.cxd5 Nxd5 7.Qc2 Nxc3 8.dxc3 
Be6 9.e4 Be7 10.Bb5 O-O 11.O-O Na5 12.Qe2 a6 13.Bd3 c4 14.Bc2 Qc7 15.Ng5 
Bd7 16.Qh5 h6 17.Nf3 Bf6 18.Be3 Nc6 19.h3 Ne7 20.Nh2 Ng6 21.g3 Be7 22.Rad1
Rad8 23.Ng4 Bc5 24.Bc1 Be6 25.Kg2 Qc8 26.Rh1 Rfe8 27.Ne3 Bxe3 28.Bxe3 b5 
29.Bb6 Rxd1 30.Rxd1 Nf8 31.Be3 Nh7 32.Qh4 f6 33.g4 a5 34.f3 Nf8 35.Qf2 Qb7
36.Rd6 Qc7 37.Rd1 Rb8 38.Qd2 Qc8 39.Qd6 Bf7 40.Kf2 Ne6 41.Qd7 Qxd7 42.Rxd7
b4 43.Ba7 b3 44.Bd1 Rd8 45.Rxd8+ Nxd8 46.Be2 Kf8 47.Bb6 Nb7 48.h4 Ke7 49.
Be3 Kd7 50.g5 fxg5 51.hxg5 hxg5 52.Kg3 Be6 53.Bf1 g4 54.fxg4 Nd6 55.Kf3 
Kc6 56.Bg2 Bf7 57.Bg5 Nb5 58.Bc1 Bg6 59.Ke3 Nd6 60.Bd2 Nb7 61.Bf1 Kb5 62.
a4+ Kc5 63.Be1 Bf7 64.g5 Kd6 65.g6 Be6 66.Bh4 Nc5 67.Bd8 Nxa4 68.Bxa5 Nxb2
69.Bb4+ Kd7 70.Kd2 Bg4 71.Ba3 Nd3 72.Bxd3 cxd3 73.Kxd3 Bh5 74.Kc4 Ke6 75.
Kxb3 Bxg6 76.Kc2 Bxe4+ 77.Kd2 Kf5 78.Ke3 Bc6 79.Bd6 g5 80.Be7 Kg4 81.Bd6 
e4 82.Kf2 Kh3 83.Bc7 g4 84.Bd6 Bb5 85.Bc7 Bc6 1/2-1/2

[Event "Xtracon Chess Open 2018"]
[Site "Elsinore"]
[Date "2018.07.27"]
[Round "8"]
[White "Delorme, Axel"]
[Black "Grandelius, Nils"]
[Result "1/2-1/2"]
[WhiteElo "2515"]
[BlackElo "2668"]
[EventDate "2018.07.21"]
[WhiteFideId "632023"]
[BlackFideId "1710400"]

1.d4 Nf6 2.Nf3 d5 3.c4 e6 4.g3 dxc4 5.Qa4+ Nbd7 6.Bg2 a6 7.Nc3 Rb8 8.Qxc4 
b5 9.Qd3 Bb7 10.Bf4 Bd6 11.O-O Bxf4 12.gxf4 c5 13.dxc5 Nxc5 14.Qxd8+ Rxd8 
15.b4 Nce4 16.Nxe4 Bxe4 17.a4 Nd5 18.axb5 axb5 19.e3 Nxb4 20.Nd4 Bd3 21.
Rfc1 O-O 22.Ra5 Rc8 23.Rxc8 Rxc8 24.Bb7 Rb8 25.Bc6 g5 26.Bxb5 gxf4 27.exf4
Rd8 28.Nc6 Nxc6 29.Bxc6 Rd6 30.Bf3 Rd4 31.Rg5+ Kf8 32.Rg4 Bf5 33.Rh4 Kg7 
34.Kg2 Rb4 35.Kg3 Rb3 36.Kg2 Ra3 37.Bg4 Be4+ 38.f3 Ra2+ 39.Kg3 Ra3 40.f5 
exf5 41.Kf4 Bc2 42.Bxf5 Bxf5 43.Kxf5 Rxf3+ 44.Kg4 Ra3 45.Rh5 f6 46.Rb5 Kg6
47.Rb8 Ra4+ 48.Kf3 Kg5 49.Rb3 h5 50.Kg3 f5 51.Rc3 Rg4+ 52.Kf3 Ra4 53.Kg3 
Re4 54.Kf3 Rh4 55.Kg3 Rg4+ 56.Kf3 Kh4 57.Rc5 Kg5 1/2-1/2

[Event "Xtracon Chess Open 2018"]
[Site "Elsinore"]
[Date "2018.07.27"]
[Round "8"]
[White "Venkataraman, Karthik"]
[Black "Jobava, Baadur"]
[Result "0-1"]
[WhiteElo "2514"]
[BlackElo "2644"]
[EventDate "2018.07.21"]
[WhiteFideId "25006479"]
[BlackFideId "13601520"]

1.d4 c5 2.d5 g6 3.e4 Bg7 4.Nf3 d6 5.Nc3 a6 6.a4 Bg4 7.Be2 Nd7 8.O-O Ngf6 
9.Nd2 Bxe2 10.Qxe2 O-O 11.Nc4 Ne8 12.Bg5 Nc7 13.f4 Bd4+ 14.Kh1 Kg7 15.Bh4 
Qe8 16.Nd1 b5 17.axb5 axb5 18.Rxa8 Qxa8 19.Nd2 Re8 20.c3 Bf6 21.Bg3 Kg8 
22.Ne3 Qa2 23.Qg4 Rd8 24.Nd1 c4 25.Qf3 Bg7 26.e5 f5 27.Bh4 Re8 28.Bxe7 
Bxe5 29.Bh4 Bf6 30.Bf2 Bg7 31.h3 Nf6 32.g4 Ne4 33.Nxe4 fxe4 34.Qe2 Nxd5 
35.Qd2 Qa8 36.Be3 Qc6 37.f5 Ra8 38.Qf2 Qd7 39.Qd2 Qb7 40.Qg2 Re8 41.Qd2 
Be5 42.Qg2 Nxe3 43.Nxe3 g5 44.Rd1 Bf4 45.Nd5 Re5 46.Nf6+ Kf7 47.Rxd6 Re7 
0-1

[Event "Xtracon Chess Open 2018"]
[Site "Elsinore"]
[Date "2018.07.27"]
[Round "8"]
[White "Shirov, Alexei"]
[Black "Roy, Prantik"]
[Result "0-1"]
[WhiteElo "2637"]
[BlackElo "2347"]
[EventDate "2018.07.21"]
[WhiteFideId "2209390"]
[BlackFideId "5035120"]

1.e4 c6 2.d4 d5 3.e5 Bf5 4.Nf3 e6 5.Be2 Nd7 6.O-O h6 7.b3 Ne7 8.c4 Ng6 9.
Na3 Bb4 10.Nc2 Bc3 11.Rb1 O-O 12.Bd3 Be4 13.cxd5 cxd5 14.Bxe4 dxe4 15.Nd2 
f5 16.Nc4 Qh4 17.f3 Nb6 18.Ba3 Nxc4 19.bxc4 Rfc8 20.g3 Qh3 21.fxe4 f4 22.
Rf3 Rxc4 23.gxf4 Qg4+ 24.Kh1 Bxd4 25.h3 Qh5 26.Nxd4 Rxd4 27.Qb3 Rxe4 28.
Rg3 Rxf4 29.Rbg1 Kh8 30.Qxb7 Rg8 31.Qxa7 Nh4 32.Bc1 Re4 33.Qf2 Nf5 34.Ra3 
Re2 35.Qf3 Qxf3+ 36.Rxf3 Rxa2 37.Rc3 Rd8 38.Bf4 Rd4 39.Rf1 Re4 40.Bh2 Ree2
41.Bg1 h5 42.Rcf3 Rxe5 43.Bf2 Ree2 44.Kg1 g5 45.Re1 Kg7 46.Rxe2 Rxe2 47.
Ra3 Kf6 48.Kg2 Rc2 49.Kg1 Ne7 50.Rf3+ Nf5 51.Ra3 h4 52.Kg2 Nd4 53.Kf1 e5 
0-1

[Event "Xtracon Chess Open 2018"]
[Site "Elsinore"]
[Date "2018.07.27"]
[Round "8"]
[White "Maze, Sebastien"]
[Black "Lin, Chen"]
[Result "1-0"]
[WhiteElo "2628"]
[BlackElo "2508"]
[EventDate "2018.07.21"]
[WhiteFideId "613762"]
[BlackFideId "8602298"]

1.e4 e5 2.Nf3 Nc6 3.Bb5 Nf6 4.d3 d6 5.O-O a6 6.Bxc6+ bxc6 7.d4 exd4 8.Nxd4
c5 9.Nc6 Qd7 10.Na5 Qa4 11.Bd2 Be7 12.Re1 O-O 13.Nc3 Qd7 14.Bf4 Qg4 15.
Qxg4 Nxg4 16.h3 Nf6 17.Nc6 Re8 18.e5 dxe5 19.Nxe7+ Rxe7 20.Bxe5 Ne8 21.Nd5
Re6 22.c4 Bb7 23.Nf4 Re7 24.Nd3 Nd6 25.b3 Ne4 26.Bf4 Rd7 27.Ne5 Rd4 28.Be3
Rd6 29.f3 f6 30.Ng4 h5 31.Nh2 Ng3 32.Bf4 Nf5 33.Bxd6 cxd6 34.Nf1 Kf7 35.
Rad1 a5 36.Ne3 Nd4 37.Rxd4 cxd4 38.Nf5 Kf8 39.Nxd6 1-0

[Event "Xtracon Chess Open 2018"]
[Site "Elsinore"]
[Date "2018.07.27"]
[Round "8"]
[White "Ochsner, Bjorn Moller"]
[Black "Tari, Aryan"]
[Result "0-1"]
[WhiteElo "2469"]
[BlackElo "2615"]
[EventDate "2018.07.21"]
[WhiteFideId "1416928"]
[BlackFideId "1510045"]

1.e4 c5 2.Nf3 e6 3.d4 cxd4 4.Nxd4 Nc6 5.Nc3 Qc7 6.Qd3 Nf6 7.Ndb5 Qb8 8.Qg3
d6 9.Be3 a6 10.Nd4 h5 11.f3 Qc7 12.O-O-O Bd7 13.Kb1 b5 14.Bd3 b4 15.Nce2 
Ne5 16.f4 h4 17.Qe1 Nxd3 18.cxd3 h3 19.Rg1 hxg2 20.Rxg2 Qb7 21.Ng3 Rc8 22.
Nf3 b3 23.axb3 Qxb3 24.Nd4 Qb7 25.Rc1 Rxc1+ 26.Qxc1 Be7 27.Qc3 O-O 28.Qd2 
Rb8 29.f5 e5 30.Bh6 exd4 31.Qg5 Bf8 32.Nh5 Nxh5 33.Qxh5 Qb3 34.Bxg7 Bxg7 
35.Qg4 Qxd3+ 36.Ka1 Qf1+ 37.Ka2 Qc4+ 38.Ka1 Qf1+ 39.Ka2 Be6+ 40.fxe6 Qf6 
0-1

[Event "Xtracon Chess Open 2018"]
[Site "Elsinore"]
[Date "2018.07.27"]
[Round "8"]
[White "Andersen, Mads"]
[Black "Bekker-Jensen, Simon"]
[Result "1-0"]
[WhiteElo "2597"]
[BlackElo "2483"]
[EventDate "2018.07.21"]
[WhiteFideId "1413864"]
[BlackFideId "1403613"]

1.Nf3 Nf6 2.g3 g6 3.Bg2 Bg7 4.d4 O-O 5.c4 d6 6.Nc3 Nc6 7.O-O Bg4 8.d5 Na5 
9.b3 c5 10.Bd2 a6 11.h3 Bd7 12.e4 e5 13.dxe6 Bxe6 14.Rc1 Nd7 15.Bg5 Bf6 
16.Bh6 Re8 17.Qxd6 Ne5 18.Qxd8 Raxd8 19.Nxe5 Bxe5 20.Nd5 Bxd5 21.cxd5 Bd4 
22.Rfd1 b6 23.Bf4 Rd7 24.h4 Nb7 25.Re1 f6 26.Bh3 Rg7 27.Be6+ Kh8 28.Rcd1 
Nd8 29.Bc8 Nb7 30.Bh3 Be5 31.d6 Rd8 32.d7 Bxf4 33.gxf4 f5 34.h5 Rgxd7 35.
Rxd7 Rxd7 36.exf5 gxf5 37.Bxf5 Rf7 38.Bd3 b5 39.h6 Nd6 40.Re6 Rd7 41.Re5 
Rc7 42.Kg2 Kg8 43.Kf3 c4 44.bxc4 bxc4 45.Bc2 c3 46.Ke2 Kf8 47.Re6 Nc4 48.
Rf6+ Ke7 49.Rxa6 Rd7 50.Bxh7 c2 51.Bxc2 Rd2+ 52.Ke1 Rxc2 53.h7 Rc1+ 54.Ke2
Rh1 55.Ra8 1-0

[Event "Xtracon Chess Open 2018"]
[Site "Elsinore"]
[Date "2018.07.27"]
[Round "8"]
[White "Holm, Kristian Stuvik"]
[Black "Bosiocic, Marin"]
[Result "0-1"]
[WhiteElo "2453"]
[BlackElo "2589"]
[EventDate "2018.07.21"]
[WhiteFideId "1508083"]
[BlackFideId "14507927"]

1.d4 Nf6 2.Nf3 e6 3.c4 d5 4.Nc3 Nbd7 5.Bf4 Bb4 6.cxd5 exd5 7.g3 O-O 8.Bg2 
Re8 9.O-O c6 10.a3 Bf8 11.Qc2 h6 12.Rad1 Nb6 13.Ne5 Be6 14.Bc1 Qc8 15.Rfe1
Bh3 16.Bh1 Bf5 17.Qb3 Qe6 18.Nd3 g5 19.Nc5 Bxc5 20.dxc5 Nc4 21.Qa2 Rad8 
22.Rd4 Qe5 23.Rxc4 dxc4 24.Qxc4 Rd4 25.Qb3 Rd7 26.e4 Bh3 27.f4 gxf4 28.
gxf4 Qxc5+ 29.Be3 Qh5 30.Bf2 Rd3 31.Bg3 Rxg3+ 32.hxg3 Qc5+ 33.Kh2 Qf2+ 34.
Kxh3 Qxe1 35.Bf3 Rd8 36.Ne2 Qf1+ 37.Kh4 Nxe4 38.Bxe4 Qxe2 39.Bh7+ Kg7 0-1

[Event "Xtracon Chess Open 2018"]
[Site "Elsinore"]
[Date "2018.07.27"]
[Round "8"]
[White "Moradiabadi, Elshan"]
[Black "Jacobsen, Mikkel Manosri"]
[Result "1-0"]
[WhiteElo "2538"]
[BlackElo "2320"]
[EventDate "2018.07.21"]
[WhiteFideId "12501255"]
[BlackFideId "1444514"]

1.Nf3 Nf6 2.c4 e6 3.d4 d5 4.Bg5 h6 5.Bxf6 Qxf6 6.Nc3 Bb4 7.Qb3 Nc6 8.e3 
dxc4 9.Bxc4 O-O 10.O-O Bd6 11.Ne4 Qe7 12.Nxd6 cxd6 13.Rac1 Na5 14.Qa3 b6 
15.Bd3 Bb7 16.Rc3 Rfc8 17.Rfc1 Rxc3 18.Rxc3 Rc8 19.Rxc8+ Bxc8 20.Qc3 Qd7 
21.d5 e5 22.b4 Nb7 23.Bb5 Qd8 24.Ba6 e4 25.Nd2 1-0

[Event "Xtracon Chess Open 2018"]
[Site "Elsinore"]
[Date "2018.07.27"]
[Round "8"]
[White "Hjartarson, Johann"]
[Black "Rydstrom, Tom"]
[Result "1-0"]
[WhiteElo "2523"]
[BlackElo "2307"]
[EventDate "2018.07.21"]
[WhiteFideId "2300044"]
[BlackFideId "1714830"]

1.e4 e5 2.Nf3 Nc6 3.Bb5 a6 4.Ba4 Nf6 5.O-O Bc5 6.c3 b5 7.Bb3 d6 8.a4 Bb7 
9.d4 Bb6 10.Re1 O-O 11.Bg5 Re8 12.axb5 axb5 13.Rxa8 Bxa8 14.Na3 h6 15.Bxf6
Qxf6 16.Nxb5 Ne7 17.dxe5 dxe5 18.Na3 Ng6 19.g3 Bb7 20.Nc4 Bc5 21.Kg2 Rd8 
22.Qe2 h5 23.h4 Bc8 24.Ng5 Bg4 25.f3 Be6 26.Ba2 Nf8 27.b4 Be7 28.Rf1 Qh6 
29.Nxe5 Bxg5 30.hxg5 Qxg5 31.f4 Qh6 32.Bxe6 Nxe6 33.Rh1 g6 34.Nf3 Qf8 35.
Qe3 Qd6 36.Ra1 Qe7 37.Ra6 Ng7 38.Ne5 Re8 39.Qd4 Ne6 40.Qd5 h4 41.Ng4 hxg3 
42.Kxg3 Rd8 43.Ra8 Rxa8 44.Qxa8+ Kg7 45.Qd5 g5 46.f5 1-0

[Event "Xtracon Chess Open 2018"]
[Site "Elsinore"]
[Date "2018.07.27"]
[Round "8"]
[White "Thybo, Jesper Sondergaard"]
[Black "Lammers, Markus"]
[Result "1-0"]
[WhiteElo "2497"]
[BlackElo "2293"]
[EventDate "2018.07.21"]
[WhiteFideId "1438832"]
[BlackFideId "4680847"]

1.c4 c5 2.Nf3 Nf6 3.Nc3 Nc6 4.d4 cxd4 5.Nxd4 g6 6.e4 Bg7 7.Be3 O-O 8.Be2 
d6 9.O-O Bd7 10.h3 Nxd4 11.Bxd4 a5 12.Qc2 Bc6 13.Rad1 Nd7 14.Bxg7 Kxg7 15.
Bg4 Ne5 16.c5 Nxg4 17.hxg4 Qc8 18.cxd6 Qxg4 19.dxe7 Rfe8 20.Nd5 Bxd5 21.
exd5 Rxe7 22.d6 Rd7 23.Qc3+ Kg8 24.Rfe1 Qf4 25.g3 Qf5 26.Re5 Qh3 27.Rde1 
Rdd8 28.Re7 Rac8 29.Qf6 Qf5 30.Qxf5 gxf5 31.d7 Ra8 32.Re8+ Kg7 33.a4 Kf6 
34.Kg2 Kg5 35.Kf3 b6 36.R1e5 Kg6 37.Kf4 Rab8 38.g4 fxg4 39.Rg5+ Kf6 40.
Rgg8 1-0

[Event "Xtracon Chess Open 2018"]
[Site "Elsinore"]
[Date "2018.07.27"]
[Round "8"]
[White "Aagaard, Jacob"]
[Black "Debarshi, Mukherjee"]
[Result "1/2-1/2"]
[WhiteElo "2482"]
[BlackElo "2292"]
[EventDate "2018.07.21"]
[WhiteFideId "1401815"]
[BlackFideId "5007291"]

1.c4 e5 2.Nc3 Bb4 3.Nd5 Bc5 4.Nf3 c6 5.Nc3 d6 6.d4 exd4 7.Nxd4 Nf6 8.g3 
O-O 9.Bg2 Nbd7 10.O-O Nb6 11.b3 d5 12.cxd5 Nfxd5 13.Nxd5 Nxd5 14.Bb2 Qe7 
15.e4 Nf6 16.Qc2 Rd8 17.Rad1 Bg4 18.Rd2 Bb4 19.Rd3 Qc5 20.Qb1 Qb6 21.h3 
Bh5 22.e5 Ne8 23.e6 Nf6 24.e7 Bxe7 25.Nf5 Bf8 26.Bxf6 1/2-1/2

[Event "Xtracon Chess Open 2018"]
[Site "Elsinore"]
[Date "2018.07.27"]
[Round "8"]
[White "Salomon, Johan"]
[Black "Foisor, Sabina-Francesca"]
[Result "1/2-1/2"]
[WhiteElo "2462"]
[BlackElo "2285"]
[EventDate "2018.07.21"]
[WhiteFideId "1509500"]
[BlackFideId "1212915"]

1.c4 c6 2.d4 d5 3.Nf3 Nf6 4.Nc3 a6 5.e3 g6 6.Be2 Bg7 7.O-O O-O 8.a4 a5 9.
cxd5 cxd5 10.Qb3 Nc6 11.Bd2 Bg4 12.h3 Bxf3 13.Bxf3 e6 14.Qxb7 Nb4 15.Qb5 
Ne8 16.Qe2 Nd6 17.Rfc1 Qb6 18.Be1 Rab8 19.Rab1 Rfe8 20.b3 Bf8 21.Qd1 Rec8 
22.Be2 Rc6 23.Bd2 Rbc8 24.Qf1 Be7 25.Qe1 Qb8 26.Bf1 Qb6 27.Qd1 Kg7 28.Be1 
Kg8 29.g3 Qb8 30.Ne2 Rxc1 31.Rxc1 Ne4 32.Nc3 Nxc3 33.Rxc3 Rxc3 34.Bxc3 Bd6
35.Kg2 Qb7 36.Be2 Qb8 37.Qd2 Qb7 38.Bf3 Kf8 39.Qe2 f5 40.Qd2 Kf7 41.Kg1 
Qb8 42.Bg2 Nc6 43.Qc2 Qc7 44.Bd2 Qb7 45.Bf1 Nb4 46.Qc1 Na2 47.Qb2 Nb4 48.
Be2 Qc7 49.Kg2 Qc6 50.Qb1 Qc7 51.Bb5 Qc8 52.Qd1 h5 53.Be2 Kg7 54.Be1 Kf7 
55.Qd2 Kg7 56.Qd1 Kf7 57.Bd3 Kg7 58.Bb1 Kf7 59.Bd2 Qc7 60.Qe1 Qc8 61.Qe2 
Qb8 62.Qf1 Qb7 63.f3 Qb8 64.Qe1 Nc6 65.Bc2 Nb4 66.Bd1 Nd3 67.Qe2 Nb4 68.
Be1 Qc7 69.Qd2 Qc8 70.Bf2 Kg7 71.Be2 Qc2 72.Qxc2 Nxc2 73.Bd1 Nb4 74.Be1 
Kf7 75.Be2 Ke7 76.g4 hxg4 77.Bh4+ Kf7 78.fxg4 Nc2 79.Kf3 f4 80.Bd3 Nb4 81.
Bb5 fxe3 82.Kxe3 Bc7 83.Kd2 Bf4+ 84.Kd1 g5 85.Bf2 Bc7 86.h4 gxh4 87.Bxh4 
Bb6 88.Kd2 Bc7 89.Bg5 Na2 90.Be3 Bd6 91.Kd3 Nb4+ 92.Kd2 Na2 93.Bd7 Ke7 94.
Bc6 Kf7 95.Bb5 Bb4+ 96.Kd3 Bd6 97.Bd2 Nb4+ 98.Ke2 Bc7 99.Kd1 Na2 100.Ke2 
Nb4 101.Bc3 Na2 102.Bb2 Nb4 103.Kf3 Bb6 104.g5 Nc2 105.Bd3 Nxd4+ 106.Kg4 
e5 107.Bxd4 Bxd4 108.Kf5 e4 109.Ba6 1/2-1/2

[Event "Xtracon Chess Open 2018"]
[Site "Elsinore"]
[Date "2018.07.27"]
[Round "8"]
[White "Rewitz, Poul"]
[Black "Nakar, Eylon"]
[Result "0-1"]
[WhiteElo "2289"]
[BlackElo "2462"]
[EventDate "2018.07.21"]
[WhiteFideId "1401033"]
[BlackFideId "2811111"]

1.d4 Nf6 2.Bg5 d5 3.e3 c5 4.Bxf6 gxf6 5.c3 e6 6.Nd2 Nc6 7.Ne2 Qb6 8.Qc2 
cxd4 9.exd4 e5 10.Ng3 Be6 11.Bd3 Rc8 12.dxe5 Nb4 13.Qb1 Nxd3+ 14.Qxd3 fxe5
15.Rb1 h5 16.O-O h4 17.Nf5 h3 18.Rfe1 e4 19.Qg3 hxg2 20.c4 Qc7 21.cxd5 
Bxf5 22.Nxe4 Bxe4 23.Rxe4+ Kd8 24.Qxg2 Qc1+ 25.Re1 Qf4 26.Re3 Bd6 27.h3 
Kd7 28.Qg4+ Qxg4+ 29.hxg4 Rcg8 30.f3 f5 31.Rb3 b6 32.Kf2 fxg4 33.fxg4 Rh2+
0-1

[Event "Xtracon Chess Open 2018"]
[Site "Elsinore"]
[Date "2018.07.27"]
[Round "8"]
[White "Mu, Ke"]
[Black "Laubsch, Bernd"]
[Result "1-0"]
[WhiteElo "2455"]
[BlackElo "2269"]
[EventDate "2018.07.21"]
[WhiteFideId "8602778"]
[BlackFideId "4663314"]

1.c4 c6 2.Nf3 d5 3.e3 Nf6 4.Nc3 a6 5.d4 b5 6.c5 Bf5 7.Ne5 Nfd7 8.Nxf7 Kxf7
9.Qf3 e6 10.g4 Qf6 11.gxf5 Qxf5 12.Qg3 e5 13.Bh3 Qf6 14.O-O Be7 15.Bg2 Ra7
16.Ne2 Re8 17.b4 Bd8 18.Bb2 Bc7 19.Qh3 Nf8 20.a4 Rb7 21.axb5 axb5 22.Ra8 
Qg6 23.dxe5 Qc2 24.Qh5+ g6 25.Qf3+ Kg8 26.Ba1 Bxe5 27.Bxe5 Rxe5 28.Nd4 Qc3
29.Qf4 Re8 30.Nxc6 Ne6 31.Bxd5 Rf7 32.Bxe6 Rxe6 33.Qxb8+ 1-0

[Event "Xtracon Chess Open 2018"]
[Site "Elsinore"]
[Date "2018.07.27"]
[Round "8"]
[White "O`Gorman, Tom"]
[Black "Johansson, Linus"]
[Result "0-1"]
[WhiteElo "2280"]
[BlackElo "2454"]
[EventDate "2018.07.21"]
[WhiteFideId "2508249"]
[BlackFideId "1711113"]

1.e4 Nc6 2.Nf3 d6 3.d4 Nf6 4.Nc3 g6 5.Be2 Bg7 6.O-O O-O 7.h3 e5 8.Bg5 h6 
9.Be3 Re8 10.dxe5 dxe5 11.Bb5 Qe7 12.Qc1 Kh7 13.Nd5 Nxd5 14.exd5 a6 15.Be2
Nd4 16.Bd1 Nf5 17.Re1 Qd8 18.c4 e4 19.Nd2 Nxe3 20.Rxe3 f5 21.Ba4 b5 22.
cxb5 Bd7 23.Qc5 axb5 24.Bxb5 Bxb5 25.Qxb5 Rb8 26.Qc4 Rxb2 27.Rd1 Be5 28.
Nb3 Rxa2 29.Nd4 Qa8 30.d6 Ra1 31.Qf7+ Bg7 32.Ree1 Rxd1 33.Rxd1 Qa4 34.Rc1 
cxd6 35.Ne6 Rg8 36.Nf4 Qe8 37.Qa7 Qe5 38.g3 Qd4 39.Qf7 Qf6 40.Qb7 Qb2 41.
Rc7 Qxb7 42.Rxb7 g5 43.Nd5 Rd8 44.Ne7 Rf8 45.Nd5 Kh8 46.Kg2 Be5 47.f4 
exf3+ 48.Kxf3 Ra8 49.g4 Ra3+ 50.Kf2 f4 51.Ne7 Bd4+ 52.Ke1 f3 53.Rb8+ Kh7 
54.Rf8 Re3+ 0-1

[Event "Xtracon Chess Open 2018"]
[Site "Elsinore"]
[Date "2018.07.27"]
[Round "8"]
[White "Buchenau, Frank"]
[Black "Antonsen, Mikkel"]
[Result "1-0"]
[WhiteElo "2275"]
[BlackElo "2452"]
[EventDate "2018.07.21"]
[WhiteFideId "4604350"]
[BlackFideId "1401378"]

1.e4 e5 2.Bc4 Nf6 3.d3 Bc5 4.Nf3 Nc6 5.O-O d6 6.c3 a6 7.Bb3 O-O 8.Nbd2 h6 
9.Re1 Ng4 10.Re2 Kh8 11.h3 f5 12.exf5 Nxf2 13.Rxf2 Bxf2+ 14.Kxf2 Bxf5 15.
Qe2 d5 16.Kg1 Qd6 17.Nf1 Rae8 18.Ne3 Be6 19.Bd2 e4 20.Nd4 exd3 21.Qxd3 Ne5
22.Qe2 Bg8 23.Rf1 c5 24.Rxf8 Rxf8 25.Ndf5 Qd7 26.Qh5 Qe8 27.Nxg7 Qxh5 28.
Nxh5 Nd3 29.Nxd5 Rf5 30.Ndf6 c4 31.Bd1 Bf7 32.Bxh6 Bxh5 33.Nxh5 Kh7 34.Be3
Re5 35.Nf6+ Kg6 36.Bh5+ Kxf6 37.Bd4 Nxb2 38.Bg4 Nd3 39.Bc8 Nc5 40.g4 Nd3 
41.Bxb7 a5 42.h4 Ke6 43.Bxe5 Kxe5 44.Ba6 Kf4 45.Bxc4 Nb2 46.Be2 Na4 47.g5 
Nxc3 48.Bc4 Ne4 49.g6 1-0

[Event "Xtracon Chess Open 2018"]
[Site "Elsinore"]
[Date "2018.07.27"]
[Round "8"]
[White "Korley, Kassa"]
[Black "Svane, Frederik"]
[Result "1-0"]
[WhiteElo "2443"]
[BlackElo "2266"]
[EventDate "2018.07.21"]
[WhiteFideId "2033801"]
[BlackFideId "12923044"]

1.Nf3 c5 2.e3 Nf6 3.d4 e6 4.a3 d5 5.c4 cxd4 6.exd4 Be7 7.Nc3 O-O 8.cxd5 
Nxd5 9.Bc4 Nf6 10.O-O Nc6 11.Be3 b6 12.d5 Na5 13.Ba2 exd5 14.Nxd5 Nxd5 15.
Bxd5 Bb7 16.Bxb7 Nxb7 17.Rc1 Bf6 18.Bd4 Nc5 19.b4 Ne6 20.Be5 Bxe5 21.Nxe5 
Qxd1 22.Rfxd1 Rfd8 23.Nc6 Rxd1+ 24.Rxd1 Kf8 25.g3 Ke8 26.f4 g6 27.Kg2 Nd8 
28.Nd4 Ne6 29.Nxe6 fxe6 30.Rc1 Kd7 31.Kf3 Rf8 32.Ke4 e5 33.Kxe5 Re8+ 34.
Kf6 Re2 35.Rh1 Re3 36.Rd1+ Ke8 37.Kg7 Re7+ 38.Kg8 Re2 39.Kxh7 Kf7 40.Rd7+ 
Kf6 41.h4 Re3 42.Rd6+ Kf7 43.Rxg6 Rxa3 44.b5 Rb3 45.Rg5 Kf6 46.g4 Rh3 47.
h5 Rf3 48.Rf5+ Ke6 49.Kg6 1-0

[Event "Xtracon Chess Open 2018"]
[Site "Elsinore"]
[Date "2018.07.27"]
[Round "8"]
[White "Ingebretsen, Jens E"]
[Black "Raghunandan, Kaumandur Srihari"]
[Result "1/2-1/2"]
[WhiteElo "2138"]
[BlackElo "2417"]
[EventDate "2018.07.21"]
[WhiteFideId "1522965"]
[BlackFideId "25004964"]

1.e4 c5 2.Nf3 d6 3.d4 cxd4 4.Qxd4 Nf6 5.Bb5+ Nc6 6.O-O Bd7 7.Qd3 a6 8.Ba4 
g6 9.c4 Bg7 10.Nc3 O-O 11.Bxc6 bxc6 12.h3 c5 13.Be3 Bc6 14.Rad1 Qc7 15.Nd5
Nxd5 16.exd5 Bd7 17.Qd2 Rfb8 18.b3 a5 19.Bh6 Bf6 20.Bg5 a4 21.Bxf6 exf6 
22.Qc3 axb3 23.axb3 Kg7 24.Nd2 Qa5 25.Qxa5 Rxa5 26.Ra1 Rba8 27.Rxa5 Rxa5 
28.Re1 Bf5 29.Ne4 Bxe4 30.Rxe4 Ra1+ 31.Kh2 Rb1 32.Re3 f5 33.f4 Kf6 34.h4 
Rb2 35.Kg3 Kg7 36.Kh2 Kh6 37.Kg3 Kh5 38.Kh3 h6 39.Kg3 g5 40.hxg5 hxg5 41.
fxg5 Kxg5 42.Kf3 f4 43.Re7 Rxb3+ 44.Kf2 Kf6 45.Re4 Kf5 46.Re7 Kf6 47.Re4 
Rc3 48.Rxf4+ Ke5 49.Rh4 Rd3 50.g3 Rd4 51.Ke3 f6 52.Rh5+ f5 53.Rh4 Rg4 54.
Rxg4 fxg4 55.Kd3 Kf5 56.Ke3 1/2-1/2

[Event "Xtracon Chess Open 2018"]
[Site "Elsinore"]
[Date "2018.07.27"]
[Round "8"]
[White "Jepson, Christian"]
[Black "Andersen, Morten"]
[Result "1-0"]
[WhiteElo "2410"]
[BlackElo "2174"]
[EventDate "2018.07.21"]
[WhiteFideId "1701185"]
[BlackFideId "1504908"]

1.e4 d6 2.d4 Nf6 3.Nc3 g6 4.Be3 c6 5.Nf3 Bg7 6.h3 O-O 7.a4 Nbd7 8.a5 e5 9.
dxe5 Nxe5 10.Nxe5 dxe5 11.Qxd8 Rxd8 12.Bc4 Bf8 13.O-O Be7 14.f3 Nh5 15.
Rfd1 Nf4 16.Na4 Be6 17.Bf1 Rxd1 18.Rxd1 a6 19.Bb6 Re8 20.Nc5 Bc8 21.Bc4 
Kg7 22.Kh2 Bxc5 23.Bxc5 Ne6 24.Bb6 h5 25.h4 Kf6 26.Kg3 g5 27.hxg5+ Kxg5 
28.Rh1 Kg6 29.Kf2 Nd4 30.Bxd4 exd4 31.Rxh5 Be6 32.Rc5 Kf6 33.Be2 Rh8 34.
Kg1 Ke7 35.f4 Kd6 36.b4 Rg8 37.Kf2 Rh8 38.Rh5 Rxh5 39.Bxh5 c5 40.f5 Ba2 
41.bxc5+ Kxc5 42.e5 Bb1 43.Bxf7 Bxc2 44.f6 Be4 45.e6 Bd5 46.Bg8 Kd6 47.e7 
Bc6 48.Bb3 1-0

[Event "Xtracon Chess Open 2018"]
[Site "Elsinore"]
[Date "2018.07.27"]
[Round "8"]
[White "Nielsen, Andre"]
[Black "Lindgren, Philip"]
[Result "1-0"]
[WhiteElo "2178"]
[BlackElo "2394"]
[EventDate "2018.07.21"]
[WhiteFideId "1518240"]
[BlackFideId "1713230"]

1.e4 e5 2.Nf3 Nc6 3.Bc4 Bc5 4.c3 Nf6 5.d3 d6 6.Nbd2 O-O 7.O-O h6 8.Re1 a5 
9.Nf1 Re8 10.Ng3 Bb6 11.Be3 Bxe3 12.fxe3 d5 13.exd5 Nxd5 14.Qd2 Nb6 15.Bb5
Bd7 16.Rad1 Qe7 17.Qf2 Rad8 18.e4 Qe6 19.b3 Ne7 20.Bxd7 Nxd7 21.d4 c6 22.
Nh4 Nf6 23.Nhf5 Nxf5 24.Qxf5 Qxf5 25.Nxf5 Kh7 26.dxe5 Rxd1 27.Rxd1 Nxe4 
28.Nd6 Rd8 29.c4 Rd7 30.Re1 Nxd6 31.Rd1 Kg8 32.c5 Kf8 33.exd6 Ke8 34.Rd4 
b6 35.cxb6 Rb7 36.Re4+ Kf8 37.Ra4 Rxb6 38.Rxa5 Ke8 39.Ra7 Rb5 40.Re7+ Kf8 
41.Rc7 Ke8 42.Rxc6 Kd7 43.Rc7+ Ke6 44.d7 Rd5 45.Kf2 f5 46.a4 g5 47.g3 Ke7 
48.h4 Kd8 49.Rb7 Rd2+ 50.Ke3 Ra2 51.hxg5 hxg5 52.Kd4 Re2 53.Rb5 Re4+ 54.
Kd3 Rg4 55.Rxf5 Rxg3+ 56.Kc4 Kxd7 57.a5 Kc6 58.Rf6+ Kb7 59.b4 Re3 60.Rg6 
Re5 61.b5 Ka7 62.Rg7+ Ka8 63.a6 Rf5 64.b6 Rf8 65.Rxg5 Rh8 66.Kc5 Rf8 67.
Rg6 Re8 68.Kd6 Rf8 69.Ke7 1-0